Finland : Selected Issues.

This Selected Issues paper reviews some features of the labor market in Finland during the 1990s. In particular, it reviews patterns of employment and wage distribution across sectors. The paper describes the main regulatory features and formal structure of labor market arrangements: the wage negoti...

Ausführliche Beschreibung

Bibliographische Detailangaben
Körperschaft: International Monetary Fund
Format: Zeitschrift
Sprache:English
Veröffentlicht: Washington, D.C. : International Monetary Fund, 1997.
Schriftenreihe:IMF Staff Country Reports; Country Report ; No. 1997/060
Online Zugang:Full text available on IMF
LEADER 01646cas a2200241 a 4500
001 AALejournalIMF000424
008 230101c9999 xx r poo 0 0eng d
020 |c 5.00 USD 
020 |z 9781451813135 
022 |a 1934-7685 
040 |a BD-DhAAL  |c BD-DhAAL 
110 2 |a International Monetary Fund. 
245 1 0 |a Finland :   |b Selected Issues. 
264 1 |a Washington, D.C. :  |b International Monetary Fund,  |c 1997. 
300 |a 1 online resource (93 pages) 
490 1 |a IMF Staff Country Reports 
500 |a <strong>Off-Campus Access:</strong> No User ID or Password Required 
500 |a <strong>On-Campus Access:</strong> No User ID or Password Required 
506 |a Electronic access restricted to authorized BRAC University faculty, staff and students 
520 3 |a This Selected Issues paper reviews some features of the labor market in Finland during the 1990s. In particular, it reviews patterns of employment and wage distribution across sectors. The paper describes the main regulatory features and formal structure of labor market arrangements: the wage negotiation process, employment legislation, income replacement regulations for the unemployed, and the recent changes in these areas introduced by the government. The paper also describes the structure of labor taxation, and reviews the theory and existing empirical evidence concerning the effects of taxation on labor market outcomes. 
538 |a Mode of access: Internet 
830 0 |a IMF Staff Country Reports; Country Report ;  |v No. 1997/060 
856 4 0 |z Full text available on IMF  |u http://elibrary.imf.org/view/journals/002/1997/060/002.1997.issue-060-en.xml  |z IMF e-Library